[Event "POL-chT 2nd League"]
[Site "Mrzezyno"]
[Date "2011.09.10"]
[Round "8.59"]
[White "Szczesniak, Konrad"]
[Black "Krainski, Slawomir"]
[Result "0-1"]
[WhiteElo "2193"]
[BlackElo "2092"]
[PlyCount "120"]
[EventDate "2011.09.03"]
[EventType "team-swiss"]
[EventRounds "9"]
[EventCountry "POL"]
[SourceTitle "EXT 2019"]
[Source "ChessBase"]
[SourceDate "2018.10.10"]
[SourceVersion "1"]
[SourceVersionDate "2018.10.10"]
[SourceQuality "1"]
[WhiteTeam "Prudnik LKS Zarzewie"]
[BlackTeam "Grudziadz Rotmistrz II"]
[WhiteTeamCountry "POL"]
[BlackTeamCountry "POL"]

1. d4 d5 2. c4 dxc4 3. Nc3 a6 4. a4 Nf6 5. e3 e5 6. Bxc4 exd4 7. exd4 Bd6 8. Nge2 0-0 9. 0-0 Nc6 10. h3 h6 11. a5 Bf5 12. Qb3 Qd7 13. Nd5 Nxd5 14. Bxd5 Nb4 15. Bc4 b5 16. axb6 cxb6 17. Bf4 b5 18. Bd5 Rad8 19. Bxd6 Qxd6 20. Bf3 Bd3 21. Rfe1 Bc2 22. Qc3 Bg6 23. Red1 Rc8 24. Qa3 Rfd8 25. Rac1 Rxc1 26. Rxc1 Bd3 27. Rd1 Bc4 28. d5 Nc6 29. Qxd6 Rxd6 30. Ng3 Ne5 31. Nf5 Nxf3+ 32. gxf3 Rd7 33. d6 Be6 34. Ne7+ Kf8 35. Nc6 Ke8 36. Nb8 Ra7 37. Nc6 Ra8 38. Ne5 Ra7 39. Nc6 Ra8 40. Ne5 Ra7 41. Nc6 Rb7 42. h4 Rb6 43. Ne5 f6 44. Ng6 Rb8 45. Nf4 Kd7 46. b4 Bc4 47. Nh5 Re8 48. Ra1 Ra8 49. Kh2 Kxd6 50. Nxg7 Ke5 51. Nh5 Kd4 52. Nxf6 Kc3 53. Rb1 a5 54. bxa5 Rxa5 55. Ne4+ Kc2 56. Re1 b4 57. Re3 Bd3 58. f4 b3 59. f5 b2 60. f6 b1Q 0-1